| 000 | 00942cam a22002533a 4500 | ||
|---|---|---|---|
| 001 | 13986 | ||
| 003 | PGUSA | ||
| 005 | 20140828083311.0 | ||
| 008 | 041109s2004||||xxu|||||s|||||000 | eng d | ||
| 040 |
_aPGUSA _beng |
||
| 042 | _adc | ||
| 050 | 4 | _aE300 | |
| 100 | 1 |
_aCushing, Caleb, _d1800-1879 |
|
| 245 | 1 | 0 |
_aSpeech of Mr. Cushing, of Massachusetts, on the Right of Petition, : _bas Connected with Petitions for the Abolition of Slavery and the Slave Trade in the District of Columbia. In The House Of Representatives, January 25, 1836. _h[electronic resource] / _cCaleb Cushing |
| 260 |
_bProject Gutenberg, _c2004 |
||
| 506 | _aPublic domain in the USA. | ||
| 516 | _aElectronic text | ||
| 653 | _aPetition, Right of | ||
| 653 | _aSlavery -- United States -- Speeches in Congress | ||
| 653 | _aSlavery -- Washington (D.C.) | ||
| 830 | 0 |
_aProject Gutenberg _v13986 |
|
| 856 | 4 | 0 | _uhttp://www.gutenberg.org/ebooks/13986 |
| 942 | _cEB | ||
| 999 |
_c243241 _d243241 |
||